000 00508nam a2200169 4500
999 _c512389
_d512389
008 191121b ||||| |||| 00| 0 eng d
100 _aMuller, Ralf
_913601
245 _aModeling organizational project management
260 _bProject Management Journal
300 _a50(4), 2019: p.499-513.
650 _aOrganisation
_913602
700 _aDrouin, Nathalie
_913603
700 _aSankaran, Shankar
_913604
773 _aProject Management Journal
906 _aProject management
942 _2ddc
_cAR